00515nam a2200181 a 450000100060000000300090000600800410001504000280005608200140008424500110009825000060010926000370011530000070015249000430015950500890020265000220029165000200031322547CO-ViMGA141112s2004 ck r 000 u spa d aCO-ViMGAbspacCO-ViMGA04a741 M157d10aDibujo a2 aBarcelona : bParramón, c1999 a63 aGuias parramón para empezar a pintar aGrafito y carbón 6 - 7 - - El papel 8 - 9 - - Gomas, difuminos y demás 10 - 12 14aDIBUJO - TECNICAS14aPINTURA TECNICA